Estadísticas para Fechas del Siglo XX

Haz click aquí para intentar la prueba.

Estadísticas generales

  • Esta prueba ha sido intentada 2.051 veces
  • La puntuación promedio es 18 de 34

Estadísticas de respuestas

EventoAño% Correcto
Fin de la Segunda Guerra Mundial1945
96%
Comienzo de la Primera Guerra Mundial1914
94%
El hombre llega a la luna1969
94%
Comienzo de la Gran Depresión1929
83%
Ataque a Pearl Harbor1941
83%
Caída del muro de Berlín1989
80%
Asesinato de John F. Kennedy1963
78%
Hundimiento del Titanic1912
77%
Francisco Franco muere1975
76%
La URSS se separa en 15 repúblicas independientes1991
70%
Introducción del Euro1999
69%
Revolución bolchevique1917
67%
Catástrofe de Chernobyl1986
63%
Día D1944
57%
Thatcher es elegida primera ministra1979
53%
Primer vuelo de un avión1903
51%
Crisis de los mísiles1962
50%
Guerra de las Malvinas1982
47%
Estalla la gripe española1918
44%
Primera Copa Mundial1930
44%
India obtiene su independencia1947
42%
Fin del apartheid en Sudáfrica1994
41%
Juegos Olímpicos en México1968
39%
Richard Nixon renuncia1974
39%
Masacre de Tiananmen1989
35%
Augusto Pinochet comienza su dictadura1973
34%
Martin Luther King fue asesinado1968
32%
Irak invade a Kuwait1990
31%
Revolución iraní1979
27%
Los Beatles cantan en el Shea Stadium1965
26%
Accidente del Challenger1986
25%
Disturbios de Rodney King1992
21%
Primer modelo T producido1908
17%
Lindbergh vuela de Nueva York a París1927
14%

Distribución de puntuación

Porcentaje por número respondido

Porcentaje de gente con cada puntuación

Historial de tus puntuaciones

No has intentado esta prueba.